Gaming Quiz

Random Gaming or Video Games Quiz

Daft Souls Quiz Stats

 Plays Quiz not verified by Sporcle

Challenge
Share
Tweet
Embed
Score 0/12 Timer 02:00
0 Plays Today
Appearances Host % Correct
87Matt Lees
100%
43Quintin Smith
50%
19Joe Skrebels
33.3%
12Gav Murphy
33.3%
14Chris Bratt
33.3%
8Steve Hogarty
33.3%
6Jon Blyth
33.3%
6Jim Trinca
33.3%
6Philippa Warr
33.3%
13Keza MacDonald
16.7%
5Aoife Wilson
16.7%
2Tamoor Hussain
16.7%

You're not logged in!

Compare scores with friends on all Sporcle quizzes.
Join for Free
OR
Log In

You Might Also Like...

Show Comments

Extras

Top Quizzes Today


Score Distribution

Your Account Isn't Verified!

In order to create a playlist on Sporcle, you need to verify the email address you used during registration. Go to your Sporcle Settings to finish the process.

Report this User

Report this user for behavior that violates our Community Guidelines.

Details: